000 02687nam a22002057a 4500
999 _c1023
_d1023
001 T027600010186
008 181014b xve||||| m 0 e0p | esp
040 _aFEVP
_cFEVP
041 _aspa
099 _3EVP T-P.G.
_bR618
100 _aRivas, Felipe
245 _aPropuesta de un sistema de indicadores para el seguimiento de proyectos con financiamiento multilateral en el Ministerio del Poder Popular para la Planificación y el Desarrollo. Abril 2007
260 _c2007
300 _axiii,118p. +
_e1 Cd-Rom
500 _aImpreso
502 _aTESIS -- Especialista, Especialista en Planificación Global
520 _aLa siguiente propuesta de investigación se llevó a cabo en la dirección general de financiamiento multilateral del Ministerio del Poder Popular para la Planificación y el Desarrollo la misma estuvo a estar orientada a generar un Sistema de Indicadores Financieros que coadyuvaran con el seguimiento de los proyectos que cuentan tanto con financiamiento por medio de endeudamiento (Aporte Externo) como presupuesto interno (Aporte Local), en dicha dirección se realiza el seguimiento físico de la ejecución de las Unidades Ejecutoras de Proyectos (UEP's), sin embargo no se cuenta con información oportuna ni sistematizada para el seguimiento de los temas como: el presupuesto y los desembolsos. Esta situación limita a la oficina debido a que la misma brinda asesoría al despacho del Ministro y para poder cumplir con tal fin cuando se requiere la información es menester contactar a las UEP's y comenzar a sistematizar la información, lo cual implica un esfuerzo significativo para la entrega oportuna de la información. El sistema propuesto permitirá un alcance mayor de los insumos de información con los que cuenta la oficina, el mismo se circunscribe como parte de un sistema automatizado a ser implementado, lo cual implica que periódicamente las UEP's, suministren información por el portal electrónico del ministerio, actualizando la base de indicadores, la matriz de resultados y los gráficos que se derivan del sistema de indicadores. Por tal motivo esta investigación fue catalogada según su tipo como Proyecto Factible; y según su diseño como bibliográfico, documental y de campo. Es importante señalar que esta investigación se realizó un análisis de cartera para describir las condiciones en las que se encuentra actualmente. Además se realizaron sesiones en profundidad con los asesores de la dirección para la validación para los indicadores; finalmente se presentan conclusiones del seguimiento realizado actualmente y el sistema de Indicadores.
700 _aSilva, Yorluis
_eTutor Académico
942 _cTES